Toutes les championnes du monde de patinage artistique - Statistiques

Statistiques générales
  • Ce quiz a été pris 85 fois
    68 depuis la dernière actualisation
  • Le résultat moyen est 17 sur 103
Statistiques - réponses
Année Pays Vainqueur % Correct
2022 Japon Kaori Sakamoto
83%
2023 Japon Kaori Sakamoto
83%
2024 Japon Kaori Sakamoto
83%
2019 Russie Alina Zagitova
73%
2016 Russie Evgenia Medvedeva
63%
2017 Russie Evgenia Medvedeva
63%
2009 Corée du Sud Kim Yuna
61%
2013 Corée du Sud Kim Yuna
61%
2021 Russie Anna Shcherbakova
59%
2008 Japon Mao Asada
42%
2010 Japon Mao Asada
42%
2014 Japon Mao Asada
42%
2012 Italie Carolina Kostner
41%
1996 États-Unis Michelle Kwan
34%
1998 États-Unis Michelle Kwan
34%
2000 États-Unis Michelle Kwan
34%
2001 États-Unis Michelle Kwan
34%
2003 États-Unis Michelle Kwan
34%
1984 Allemagne de l'Est Katarina Witt
32%
1985 Allemagne de l'Est Katarina Witt
32%
1987 Allemagne de l'Est Katarina Witt
32%
1988 Allemagne de l'Est Katarina Witt
32%
2018 Canada Kaetlyn Osmond
29%
1989 Japon Midori Ito
25%
2007 Japon Miki Ando
22%
2011 Japon Miki Ando
22%
2015 Russie Elizaveta Tuktamysheva
20%
2002 Russie Irina Slutskaya
20%
2005 Russie Irina Slutskaya
20%
1991 États-Unis Kristi Yamaguchi
19%
1992 États-Unis Kristi Yamaguchi
19%
1993 Ukraine Oksana Baiul
19%
1997 États-Unis Tara Lipinski
19%
2004 Japon Shizuka Arakawa
17%
1927 Norvège Sonja Henie
17%
1928 Norvège Sonja Henie
17%
1929 Norvège Sonja Henie
17%
1930 Norvège Sonja Henie
17%
1931 Norvège Sonja Henie
17%
1932 Norvège Sonja Henie
17%
1933 Norvège Sonja Henie
17%
1934 Norvège Sonja Henie
17%
1935 Norvège Sonja Henie
17%
1936 Norvège Sonja Henie
17%
1986 États-Unis Debi Thomas
12%
2006 États-Unis Kimmie Meissner
12%
1994 Japon Yuka Sato
12%
1995 Chine Chen Lu
10%
1981 Suisse Denise Biellmann
10%
1999 Russie Maria Butyrskaya
8%
1966 États-Unis Peggy Fleming
7%
1967 États-Unis Peggy Fleming
7%
1968 États-Unis Peggy Fleming
7%
1947 Canada Barbara Ann Scott
5%
1948 Canada Barbara Ann Scott
5%
1990 États-Unis Jill Trenary
5%
1973 Canada Karen Magnussen
5%
1956 États-Unis Carol Heiss
3%
1957 États-Unis Carol Heiss
3%
1958 États-Unis Carol Heiss
3%
1959 États-Unis Carol Heiss
3%
1960 États-Unis Carol Heiss
3%
1982 États-Unis Elaine Zayak
3%
1969 Allemagne de l'Est Gabriele Seyfert
3%
1970 Allemagne de l'Est Gabriele Seyfert
3%
1954 Allemagne de l'Ouest Gundi Busch
3%
1952 France Jacqueline du Bief
3%
1938 Royaume-Uni Megan Taylor
3%
1939 Royaume-Uni Megan Taylor
3%
1953 États-Unis Tenley Albright
3%
1955 États-Unis Tenley Albright
3%
1949 République tchèque Alena Vrzáňová
2%
1950 République tchèque Alena Vrzáňová
2%
1978 Allemagne de l'Est Annett Poetzsch
2%
1980 Allemagne de l'Est Annett Poetzsch
2%
1971 Autriche Beatrix Schuba
2%
1972 Autriche Beatrix Schuba
2%
1937 Royaume-Uni Cecilia Colledge
2%
1974 Allemagne de l'Est Christine Errath
2%
1975 Pays-Bas Diane De Leeuw
2%
1976 États-Unis Dorothy Hamill
2%
1922 Autriche Herma Szabo
2%
1923 Autriche Herma Szabo
2%
1924 Autriche Herma Szabo
2%
1925 Autriche Herma Szabo
2%
1926 Autriche Herma Szabo
2%
1951 Royaume-Uni Jeannette Altwegg
2%
1908 Hongrie Lily Kronberger
2%
1909 Hongrie Lily Kronberger
2%
1910 Hongrie Lily Kronberger
2%
1911 Hongrie Lily Kronberger
2%
1977 États-Unis Linda Fratianne
2%
1979 États-Unis Linda Fratianne
2%
1906 Royaume-Uni Madge Syers
2%
1907 Royaume-Uni Madge Syers
2%
1912 Hongrie Opika von Méray Horváth
2%
1913 Hongrie Opika von Méray Horváth
2%
1914 Hongrie Opika von Méray Horváth
2%
1965 Canada Petra Burka
2%
1983 États-Unis Rosalynn Sumners
2%
1962 Pays-Bas Sjoukje Dijkstra
2%
1963 Pays-Bas Sjoukje Dijkstra
2%
1964 Pays-Bas Sjoukje Dijkstra
2%
Aucun quiz correspondant
Distribution des résultats
% des personnes avec chaque résultat
Percentile par nombre de réponses
Votre historique - résultats
Vous n’avez pas pris ce quiz depuis la dernière actualisation